Statistics for Chris's General Knowledge Quiz #13

Click here to take the quiz!

General Stats

  • This quiz has been taken 23 times
  • The average score is 6 of 20

Answer Stats

Question Answer % Correct
What is the only mammal with a horn on its nose?Rhinoceros
94%
What condiment did Jeremiah Colman start producing in Norwich in 1814?Mustard
67%
Which video game heroine was inspired by Indiana Jones?Lara Croft
61%
Angry Orchard is an American brand of what alcoholic drink?Cider
56%
What county cricket ground in London celebrated its bicentenary in 2014?Lord's
39%
Who dueted with Aretha Franklin on the hit 'I Knew You Were Waiting (For Me)'?George Michael
33%
Gephyrophobia is the fear of what constructions?Bridges
33%
In the 'A Song of Ice and Fire' book series and the 'Game of Thrones' TV series, which house does Jaime belong to?Lannister
33%
The Port of Aqaba is part of what sea?Red Sea
28%
In Australia, which state is nicknamed 'The Sunshine State'?Queensland
28%
What royal residence lends its name to a woollen petticoat and a kind of boot lacing?Balmoral
22%
Which director had two cameo roles in the film 'Taxi Driver'?Martin Scorsese
17%
Justine Littlewood is the arch enemy of which Jacqueline Wilson title-character?Tracy Beaker
11%
The Piast dynasty were the first to rule which European country?Poland
11%
Who was the last Labour Prime Minister not to attend university?James Callaghan
11%
The moons of Uranus are named after characters from the works of Alexander Pope and which other poet?William Shakespeare
11%
'Supermassive Black Hole' and 'Plug in Baby' were hits for which UK rock band?Muse
11%
What was the name of the cabin boy in the TV show 'Captain Pugwash'?Tom
11%
Which 'Coronation Street' character made Carla Connor his fifth wife?Peter Barlow
6%
'Hedera' is the Latin name for which plant?Ivy
6%

Score Distribution

Percentile by Number Answered

Percent of People with Each Score

Your Score History

You have not taken this quiz